Gabriel García Marquez Macondo: ¿Mito, realidad o ficción?

保存先:
書誌詳細
第一著者: Guier Serrano, Mariflor
フォーマット: 図書
言語:Undetermined
出版事項: San José, Costa Rica Universidad de Costa Rica, Sistema de Estudios de Posgrado 1997
主題:
タグ: タグ追加
タグなし, このレコードへの初めてのタグを付けませんか!

MARC

LEADER 00000nam a2200000Ia 4500
008 170316s9999 xx 000 0 und d
040 |a cru BVZT 
090 |a TESIS 858 
100 |a Guier Serrano, Mariflor 
245 |a Gabriel García Marquez Macondo: ¿Mito, realidad o ficción? 
260 |a San José, Costa Rica 
260 |b Universidad de Costa Rica, Sistema de Estudios de Posgrado 
260 |c 1997 
300 |a 376 páginas 
650 |a TRABAJO FINAL DE GRADUACIÓN 
650 |a SEP 
650 |a MAESTRÍA EN LITERATURA 
650 |a REALISMO MAGICO Y LATINOAMÉRICA 
999 |c 14522  |d 14522 
942 |c TFG  |h TESIS 858  |2 z